Calendarios florales apícolas a partir de la dentificación de la oferta floral en los municipios de Caldono y Santander de Quilichao, Cauca - Colombia (Registro nro. 7211)
[ vista simple ]
| 000 -CABECERA | |
|---|---|
| Campo de control | 01974nam a2200265 a 4500 |
| 005 - FECHA Y HORA DE LA ULTIMA TRANSACCION | |
| Campo de control | 20200104041615.0 |
| 008 - ELEMENTOS DE LONGITUD FIJA—INFORMACION GENERAL | |
| Campo de control | 131112b2009 ck ||||| |||| 00| 0 spa d |
| 040 ## - FUENTE DE CATALOGACIÓN | |
| Agencia catalogadora original | CO-BoIAVH |
| Agencia transcriptora | CO-BoIAVH |
| 041 ## - IDIOMA | |
| Código de idioma para texto/pista de sonido o título separado | Español |
| 044 ## - PAÍS DE PUBLICACIÓN | |
| País de publicación | Colombia |
| 090 ## - CLASIFICACIÓN LOCAL | |
| Colección | IAVH |
| Consecutivo | 01398 |
| 100 1# - ASIENTO PRINCIPAL--NOMBRE PERSONAL | |
| Nombre personal | Sánchez-Chaparral, Maria Andrea |
| 245 1# - MENCION DE TITULO | |
| Título | Calendarios florales apícolas a partir de la dentificación de la oferta floral en los municipios de Caldono y Santander de Quilichao, Cauca - Colombia |
| 260 ## - PUBLICACION, DISTRIBUCION, ETC. (PIE DE IMPRENTA) | |
| Lugar de publicación, distribución, etc. | Popayán |
| Nombre del editor, distribuidor, etc. | Institución Universitaria Tecnológica de Comfacauca |
| -- | Instituto de Investigación de Recursos Biológicos Alexander von Humboldt |
| Fecha de publicación, distribución, etc. | 2009 |
| 300 ## - DESCRIPCION FISICA | |
| Extensión | 232 p. |
| Otros detalles físicos | il., tablas |
| Dimensiones | 28 cm. |
| 500 ## - NOTA GENERAL | |
| Nota general | Contrato No. 08-07-439-0163FN<br/>Proyecto determinacion de la oferta floral apicula como mecanismo para optimizar producción, diferenciar productos de la colmena y mejorar la competitividad<br/>Informe final - trabajo de grado de tecnólogo ambiental |
| 505 ## - NOTA DE CONTENIDO | |
| Nota de contenido | Anexo 1 Calendarios florales apícolas para los municipios de Caldono y Santander de Quilichao -- Anexo 2. Calendarios florales a partir de la identificación de la oferta floral en los municipios de Caldono y Santander de Quilichao / Maria Andrea Sánchez Chaparral -- Anexo 3. Caracterización de flora asociada a la producción de miel y polen, en los bosques situados en la vereda Agua Blanca en el municipio de Santander de Quilichao y en la vereda ventanas en el municipio de Caldono, departamento del Cauca - Colombia / Diana Lucía Toro Henao -- Anexo 4. Pasantía desarrollo del sistema de información para el fortalecimiento de la cadena apícola del departamento del Cauca / Ana María Anacona, Leidy Johanna Herrera Giraldo |
| 650 ## - ASIENTO SECUNDARIO DE MATERIA - TERMINO TEMATICO | |
| Término temático o nombre geográfico como elemento de entrada | Apicultura |
| 650 ## - ASIENTO SECUNDARIO DE MATERIA - TERMINO TEMATICO | |
| Término temático o nombre geográfico como elemento de entrada | Producción apícola |
| 650 ## - ASIENTO SECUNDARIO DE MATERIA - TERMINO TEMATICO | |
| Término temático o nombre geográfico como elemento de entrada | Especies vegetales |
| 650 ## - ASIENTO SECUNDARIO DE MATERIA - TERMINO TEMATICO | |
| Término temático o nombre geográfico como elemento de entrada | Flora melífera |
| Subdivisión general | investigaciones |
| 700 ## - ASIENTO SECUNDARIO - NOMBRE PERSONAL | |
| Nombre personal | Bonilla, Blanca Lilia |
| 700 ## - ASIENTO SECUNDARIO - NOMBRE PERSONAL | |
| Nombre personal | Forero Bautista, Edgar |
| 942 ## - ELEMENTOS ADICIONALES (KOHA) | |
| Tipo de ítem | Informe Técnico |
| Sistema de clasificación | Local |
| Withdrawn status | Lost status | Sistema de Clasificación | Damaged status | No para préstamo | Colección | Inventariado | Ubicación Permanente | Ubicación actual | Fecha de adquisición | Total Checkouts | Número topográfico | Inventario / Código de Barras | Date last seen | Ejemplar | Price effective from | Forma de adquisición | Tipo de material |
|---|---|---|---|---|---|---|---|---|---|---|---|---|---|---|---|---|---|
| Local | Humboldt | Inventariado 2017 | Bogotá | Bogotá | 25/11/2009 | IAVH-01398 | 027795 | 09/08/2024 | Ej. 1 | 04/12/2012 | Informe Técnico |